El hombre sano.
Guardado en:
| Formato: | |
|---|---|
| Series: | Encrucijadas 2000
|
| Materias: | |
| Etiquetas: |
Agregar Etiqueta
Sin Etiquetas, Sea el primero en etiquetar este registro!
|
| LEADER | 00955ngm a22002535g 4500 | ||
|---|---|---|---|
| 001 | CEM.cems022549 | ||
| 008 | 130507b2001##################0###0#####d | ||
| 005 | 20241106170642.0 | ||
| 245 | 0 | 0 | |a El hombre sano. |
| 300 | |a 23'. | ||
| 490 | 0 | |a Encrucijadas 2000 | |
| 500 | |a En soporte VHS, consultar en ventanilla. | ||
| 505 | 0 | |a El derecho a la salud. Responsabilidad del Estado. Los medios y sus mensajes frívolos. Salud y mercado. Los laboratorios y las medicinas alternativas. Proliferación del negocio de los medicamentos. Salud y pobreza. | |
| 538 | |a Soporte: VHS - Norma: Pal N - Color: Si - Grabación DRD 2001 - Hitachi=4040 | ||
| 082 | 3 | 0 | |/ TIE |
| 653 | |a SOCIEDAD | ||
| 653 | |a SALUD | ||
| 653 | |a POLITICA SANITARIA | ||
| 653 | |a EDUCACION PARA LA SALUD | ||
| 653 | |a MEDICAMENTOS | ||
| 653 | |a SANIDAD | ||
| 653 | |a NIVEL PRIMARIO | ||
| 653 | |a NIVEL SECUNDARIO | ||
| 859 | |a CEMS |b BIB. CEMS - Depto. Recursos Didacticos |h 301 |i TIE |k DRD |p 1192.12 |t Ej.1 | ||
